1785 1145 1332 1857 1878 1611 1307 1125 1764 1718 1135 1159 1778 1378 1379 1819 1259 1430 1351 1487 1501 1830 1205 1024 1786 1894 1033 1599 1319 1729 1371 1862 1512 1222 1579 1091 1808 1889 1877 1982 1656 1582 1928 1499 1158 1945 1775 1160 1097 1149 1091 1756 1162 1913 1558 1701 1769 1903 1464 1943 1629 1152 1692 1692 1695 1466 1082 1685 1867 1283 1491 1639 1267 1956 1943 1353 1784 1977 1818 1265 1510 1299 1953 1837 1581 1245 1103 1332 1425 1101 1185 1940 1961 1445 1584 1292 1442 1686 1575 BCNSPRNW ULIB Ver.6.0+V

เปลี่ยนเป็นภาษาไทย

Change to English
 แสดงรายละเอียดบรรณานุกรม
  กลับหน้าหลัก

Brief Record : Get Marc (ISO 2709) : E-mail record : QR code < ปิดหน้าต่าง
LEADER : 00000nam 2200000uu 4500
001    13399112493
003     ULIB
008    110627s2552||||th 000 0 tha d
020    9786160600205
090    นว.^bช527พ 2552
100 0  ชาลีน
245 00 พันธะสองหัวใจ/^cชาลีน
250    พิมพ์ครั้งที่ 2
260    กรุงเทพฯ :^bแจ่มใส,^c2552
300    389 หน้า
710 1  แจ่มใส
945    ^p229^l0^i026735
995    ทศพร
999 ^a ใช้งานได้ทุกระบบ
รายการนี้ยังไม่มีแท็ก
คุณยังไม่ได้ล็อกอิน คุณสามารถมีกิจกรรมร่วมกับเว็บไซต์ได้ แต่ต้องล็อกอินก่อน ::
  ล็อกอิน

รายการสื่อสารสนเทศ

ลำดับที่ ประเภท เลขเรียก/บาร์โค้ด สถานที่ สถานะ
- ไม่พบข้อมูล -

BibComment


ยังไม่เคยถูกคอมเมนท์

คอมเมนท์ทรัพยากรรายการนี้
  คอมเมนท์: พันธะสองหัวใจ ชาลีน


 Copyright 2026. Bcnsprnw @Library